| 000 | 00486nam a22001577a 4500 | ||
|---|---|---|---|
| 003 | SISC | ||
| 005 | 20160819101636.0 | ||
| 008 | 160309b xxu||||| |||| 00| 0 eng d | ||
| 020 | _a9781466493759 | ||
| 050 | _aG 155.5 .C172 2012 | ||
| 100 | _aCamerana, Lance D. | ||
| 245 |
_aCoaching for the world's best tour guides : _bobservation from the back of the bus / _cLance Camarena. |
||
| 260 |
_aUSA : _bTour Guide Central, _c2012. |
||
| 300 |
_a111 pages : _c21 cm. |
||
| 942 |
_2lcc _cBK |
||
| 999 |
_c291538 _d291538 |
||